| 000 | 00812nam a2200229 i 4500 | ||
|---|---|---|---|
| 001 | 44305 | ||
| 003 | ES-MaACL | ||
| 005 | 20231229063015.0 | ||
| 007 | t| | ||
| 008 | 030321s1970 sp ||||1| spa d | ||
| 080 | _a946"1936/39"(084) | ||
| 100 | 1 |
_aCierva, Ricardo de la, _d1926-2015 _938790 |
|
| 245 | 1 | 0 |
_aHistoria ilustrada de la guerra civil española / _cRicardo de la Cierva ; con la colaboración especial de Manuel Rubio Cabeza y Jesús González. |
| 260 |
_a[Barcelona] : _bDanae, _c[1970] |
||
| 300 |
_a2 v. : _bil. ; _c31 cm. |
||
| 651 | 4 |
_aEspaña- _xHistoria- _y1936-1939, Guerra civil. _98292 |
|
| 700 | 1 |
_aRubio Cabeza, Manuel. _9100389 |
|
| 700 | 1 |
_aLozano González, Jesús. _974444 |
|
| 852 | 4 |
_aES-MaACL _jC-42150-51 |
|
| 852 | 4 |
_aES-MaACL _jC-42152-53 |
|
| 999 |
_c44305 _d44305 |
||